Responses for show #1320 - Friday, May 4, 1990

Contestants

[<< previous game]

Michelle Collier, an office account manager from New York City, New York

Brenda Bright, a homemaker originally from Washington, D.C.

Paula Massengale, a bookkeeper from San Antonio, Texas (whose 4-day cash winnings total $50,901)

[next game >>]

Jeopardy! Round responses

WORLD LITERATURE
AMERICAN HISTORY
NAMES THAT ARE VERBS
COLLEGES & UNIVERSITIES
IRON
CURTAINS
    $100 12
China

Michelle
    $100 4
Department of State

Michelle
    $100 1
Mix

Paula
    $100 18
University of Michigan

Paula
    $100 11
Iron Lung

Brenda
    $100 26
Curtain Call

Michelle
    $200 13
Isak Dinesen

Paula
    $200 5
Alexander Hamilton

Michelle
    $200 2
Wink

Paula
    $200 19
Georgia Tech

Brenda
    $200 17
Meteors/meteorites

Brenda
    $200 27
The Wizard of Oz

Brenda
    $300 14
"Death In Venice"

Paula
    $300 6
Armed Forces/Servicemen & women

Michelle
    $300 3
Buck

Brenda
    $300 20
New Orleans

Brenda
    $300 23
Iron Maiden

Michelle
    $300 28
Let's Make A Deal

Michelle
    $400 15
Room

Brenda
    $400 7
U.S. Senate

Brenda
    $400 9
Hunt

Michelle
    $400 21
Montreal

Michelle
    $400 24
Blast Furnace

Michelle
    $400 29
"My Way"

Paula
    $500 16
(P: What is Dutch?)

American (Mary Mapes Dodge)

PaulaMichelle
    $500 8
Vermont

Paula
    $500 10
Peel

Paula
    $500 22
(M: What is Notre Dame?)

Purdue

Michelle
    $500 25
Carbon

Triple Stumper
    $500 30
Hercule Poirot

Brenda

Scores at the first commercial break (after clue 16):

Paula Brenda Michelle
$1,300 $1,200 $1,600

Scores at the end of the Jeopardy! Round:

Paula Brenda Michelle
$1,800 $2,600 $2,600

Double Jeopardy! Round responses

THE RENAISSANCE
IN THE NEWS
ENGLAND
ODDS & ENDS
PLANTS & TREES
EPITAPHS
    $200 1
Multiplication

Paula
    $200 3
Chess

Michelle
    $200 11
Lady Godiva

Brenda
    $200 16
Mexico City

Paula
    $200 26
Cactus

Brenda
    $200 21
Dr. Martin Luther King, Jr.

Brenda
    $400 2
Greek & Latin

Brenda
    $400 7
Rev. Billy Graham

Brenda
    $400 12
Archbishop of Canterbury

Brenda
    $400 17
Over-the-Counter

Michelle
    $400 27
Pruning

Paula
    $400 22
"I never met a man I didn't like"

Brenda
    $600 4
Heresy

Michelle
    $600 8
El Salvador

Brenda
    $600 13
St. George

Michelle
    $600 18
Trinidad

Michelle
    $600 28
Toadstool

Paula
    $600 23
Billy the Kid (William H. Bonney)

Paula
    $500 5
Reborn

Michelle
    $800 9
Exxon

Michelle
    $1,000 14
Queen Elizabeth I

Michelle
    $800 19
Uranus

Paula
    $800 29
3

Paula
    $800 24
Robert Frost

Brenda
    $1000 6
Architecture

Brenda
    $1000 10
(B: What is Sumerian?)

Assyrian

Brenda
Triple Stumper
    $1000 15
"Wat" Tyler

Michelle
    $1000 20
(Alex: No.)
[Looks at judges]
(Alex: They have the first primary as well as the first vote for president of the U.S. I stand corrected!)

first primary voting for president of the U.S.

Michelle
    $1000 30
(M: What is pine?)
(B: What are evergreens?)

Firs

BrendaMichelle
Triple Stumper
    $1000 25
Walter Reed

Brenda

Scores at the end of the Double Jeopardy! Round:

Paula Brenda Michelle
$5,400 $6,200 $8,300

[wagering suggestions for these scores]

Final Jeopardy! Round responses

THE SENATE
(Alex: Michelle, you will not be back to defend because we're beginning our College Tournament on Monday and that will last two weeks, so you've got a full two weeks to relax and enjoy yourself and practice for your first title defense. Thank you for tuning us in. College Tournament starts on Monday. So long!)
PaulaWho are Glenn & Collins
$5,400
BrendaWho was J. Glenn and
$4,800
MichelleWho are Glenn & Armstron
$2,099
John Glenn (Ohio) & Harrison Schmitt (New Mexico)

Final scores:

Paula Brenda Michelle
$0 $1,400 $6,201
3rd place: Ashley Oak Contemporary Table 2nd place: Seragraph & Ricoh Mirai 135mm Zoom Camera New champion: $6,201

Game dynamics:

Coryat scores:

Paula Brenda Michelle
$5,400 $6,200 $8,900
15 R,
1 W
20 R,
2 W
21 R
(including 2 DDs),
2 W
(including 1 DD)

Combined Coryat: $20,500

The J! Archive is created by fans, for fans. The Jeopardy! game show and all elements thereof, including but not limited to copyright and trademark thereto, are the property of Jeopardy Productions, Inc. and are protected under law. This website is not affiliated with, sponsored by, or operated by Jeopardy Productions, Inc. Join the discussion at JBoard.tv.